01456nam a2200265 a 450000100100000000500170001000800410002702000180006804000250008608200160011110000440012724501400017126000440031130000200035550000570037550000420043259000260047470000520050095201290055295201290068195201290081095201140093995201200105399900170117300004805920201002060907.0181112s2016 dr 000 0 spa d a9789945903324 aDO-SdBNPbspacBNPHU axxxxbM917o1 aMota García, Marcos De,d1961-97556310aOrientación pediátrica :bvisión médica, social y gremial /cMarcos De Mota García ; prólogo Francisco Oscar Espino Torres. aSan José de las Matas :bOpus,c2016. a524 p. ;c23 c. aIncluye datos biográficos del autor en las solapas aIncluye notas al pie de las páginas aInventariado, 2018/LP1 aEspino Torres, Francisco Oscar,epról.969189 001054708DSaGRbGRcHDd2018-11-12iLF1l0oxxxx M917op48059-30r2020-06-25te. 3w2020-06-25yLFDSZPréstamo en sala 001054708DSaGRbGRcHDd2018-11-12iLF1l0oxxxx M917op48059-40r2020-06-25te. 4w2020-06-25yLFDSZPréstamo en sala 001054708DSaGRbGRcHDd2018-11-12iLF1l0oxxxx M917op48059-50r2020-06-25te. 5w2020-06-25yLFDSZPréstamo en sala 0010718PDaPDbPDcHDd2018-11-12iLF1l0oxxxx M917op48059-10r2020-06-25w2020-06-25yLFPDZNo se presta 0010718PDaPDbPDcHDd2018-11-12iLF1l0oxxxx M917op48059-20r2020-06-25te. 2w2020-06-25yLFPDZNo se presta c47547d47547